000 01084cam a22003498a 4500
001 13950741
003 OSt
005 20170208183228.0
008 050503s2006 pau b 001 0 eng
010 _a 2005044251
020 _a0781741181
035 _a(DNLM)101247423
040 _aDNLM/DLC
_cDLC
_dDLC
042 _apcc
050 0 0 _aRM301.14
_b.P47 2006
060 1 0 _aQV 18.2
_bH864p 2006
082 0 0 _aQV18 H83l 2006
_222
100 1 _aHowland, Richard D.; Mary J. Mycek
_9469
245 1 0 _aLippincott's Illustrated Reviews:
250 _a3rd ed.
260 _aPhiladelphia :
_bLippincott,
_cc2006.
263 _a0508
300 _avii,552 p. ;
_c29cm.
_bcol.ill
440 0 _aLippincott's illustrated reviews
_9470
504 _aIncludes bibliographical references and index.
650 0 _aPharmacology
_9471
650 0 _aPharmacology MCQs
_9464
856 4 2 _3Publisher description
_uhttp://www.loc.gov/catdir/enhancements/fy0712/2005044251-d.html
906 _a7
_brix
_corignew
_d1
_eocip
_f20
_gy-gencatlg
942 _2z
_cB_BANK
999 _c183
_d183